Chứng cứ cuối cùng T.5 Vụ án viết lại
Tallennettuna:
| Aineistotyyppi: | Kirja |
|---|---|
| Julkaistu: |
H.
Công an nhân dân
1984
|
| Aiheet: | |
| Tagit: |
Lisää tagi
Ei tageja, Lisää ensimmäinen tagi!
|
| Thư viện lưu trữ: | Trung tâm Học liệu Lê Vũ Hùng, Trường Đại học Đồng Tháp |
|---|
| LEADER | 00671pam a22002058a 4500 | ||
|---|---|---|---|
| 001 | 00021602 | ||
| 005 | 20171026081023.0 | ||
| 008 | 110525s1984 ||||||Viesd | ||
| 041 | 0 | # | |a Vie |
| 082 | 1 | 4 | |a 895.922 3 |b CH556C |
| 245 | 0 | 0 | |a Chứng cứ cuối cùng |n T.5 |p Vụ án viết lại |
| 260 | # | # | |a H. |b Công an nhân dân |c 1984 |
| 300 | # | # | |a 144 tr. |c 19 cm. |
| 653 | # | # | |a Truyện vụ án |
| 653 | # | # | |a Văn học |
| 852 | # | # | |b Kho mượn |j KM.0009171 |
| 852 | # | # | |b Kho đọc |j KD.0006419 |
| 852 | # | # | |j KD.0006419 |j KM.0009171 |
| 910 | 0 | # | |a Đức |d 25/05/2011 |
| 980 | # | # | |a Trung tâm Học liệu Lê Vũ Hùng, Trường Đại học Đồng Tháp |